| 000 | 00511nam a2200181Ia 4500 | ||
|---|---|---|---|
| 003 | GCL | ||
| 008 | 140319s9999 xx 000 0 ara d | ||
| 040 |
_aGCL / _cGCL |
||
| 082 | 0 | 4 |
_aد _b310.6 _bو ن |
| 245 | 1 | 0 | _aالنشرة الاحصائية السنوية (1990_,1991 1992-1991) |
| 260 |
_a[S.N] : _bوزارة الثقافة |
||
| 490 | _a | ||
| 650 | 0 | 4 | _aالثقافة |
| 650 | 0 | 4 | _aالاحصاء |
| 650 | 0 | 4 | _aالاحوال الثقافية |
| 650 | 0 | 4 | _aالاحصائيات |
| 942 |
_2ddc _cBK |
||
| 999 |
_c35803 _d35803 |
||